header

A new hope (Record no. 262987)

MARC details
000 -LEADER
fixed length control field 00238nam a22001097a 4500
020 ## - INTERNATIONAL STANDARD BOOK NUMBER
ISBN 9781465420275
100 ## - MAIN ENTRY--AUTHOR NAME
Personal name Emma Grange
245 ## - TITLE STATEMENT
Title A new hope
260 ## - PUBLICATION, DISTRIBUTION, ETC. (IMPRINT)
Place of publication New York
Name of publisher Dorling Kindersley
Year of publication 2014
490 ## - SERIES STATEMENT
Series statement Star wars
942 ## - ADDED ENTRY ELEMENTS (KOHA)
Koha item type Long Loan Books
Holdings
Withdrawn status Lost status Collection code Home library Current library Shelving location Date acquired Accession Number Koha item type
    Fiction Rongo University Library Rongo University Library Children's Area 22/02/2024 CL20222326 Long Loan Books

© 2026 Rongo University
Contact us: librarian | system librarian | Rongo university